| 000 | 00687nam a2200217 a 4500 | ||
|---|---|---|---|
| 005 | 20231025063700.0 | ||
| 008 | 030514s2006 mx r 000 0 spa d | ||
| 020 | _a9706439722 (10 dígitos) | ||
| 020 | _a9789706439727 (13 dígitos) | ||
| 035 | _aUPN01000124160 | ||
| 049 | _aCG | ||
| 050 | 4 |
_aPN6071 H7.3 _bD3.2 |
|
| 100 | 1 | _aDavy, Pierre | |
| 245 | 1 | 0 |
_aCuentos y leyendas de los caballos ilustres / _cPierre Davy ; il. de Peggy Adam ; tr. Leticia Alvaradejo. |
| 260 |
_aMéxico : _bSelector, _c2006. |
||
| 300 |
_a214 p. : _bil. |
||
| 440 | 0 | _aMemorias del mundo | |
| 650 | 4 |
_aCABALLOS EN LA LITERATURA _95276 |
|
| 650 | 4 |
_aCaballos _vCuentos y leyendas _95246 |
|
| 905 | _aLibro | ||
| 999 |
_c96339 _d96339 |
||